000 00461nam a2200181Ia 4500
001 16799
005 20260306170337.0
008 260306t2018||||xx |||||||||||||| ||und||
041 _aESP
082 _a657
_bP21C
100 _aPalomino Hurtado, Carlos
_eAUT
245 0 _aCasos prácticos del IGV:
_ben concordancia con la NIC y NIIF
260 _c2018
300 _a250 páginas :
_c24 cm.
650 _aGEN
654 _aCCO
942 _cLIB
_dJUS
_fJUS
_2ddc
_n
999 _c16799
_d16799